Constructed farm wetlands (CFW) (Record no. 109577)
[ view plain ]
| 000 -LEADER | |
|---|---|
| fixed length control field | 01386cad a22003015a 4500 |
| 001 - CONTROL NUMBER | |
| control field | E147476 |
| 008 - FIXED-LENGTH DATA ELEMENTS--GENERAL INFORMATION | |
| fixed length control field | 090514s2008 xxkao f 000 0 eng d |
| 035 ## - SYSTEM CONTROL NUMBER | |
| System control number | (Sirsi) u147476 |
| 041 0# - LANGUAGE CODE | |
| Language code of text/sound track or separate title | eng |
| 050 04 - LIBRARY OF CONGRESS CALL NUMBER | |
| Classification number | 628.164 $2 18 |
| 100 2# - MAIN ENTRY--PERSONAL NAME | |
| Personal name | Harrington Carty, Aila |
| 245 00 - TITLE STATEMENT | |
| Title | Constructed farm wetlands (CFW) |
| Remainder of title | design manual for Scotland and Northern Ireland |
| Medium | [electronic resource] |
| 260 ## - PUBLICATION, DISTRIBUTION, ETC. | |
| Place of publication, distribution, etc. | [Stirling] |
| Name of publisher, distributor, etc. | SEPA |
| Date of publication, distribution, etc. | 2008 |
| 505 2# - FORMATTED CONTENTS NOTE | |
| Formatted contents note | Agriculture and water quality management -- Constructed farm wetlands -- Assessment of the need for a CFW -- Site assessment -- CFW design -- CFW construction and planting -- CFW operation and maintenance -- Appendices |
| 520 ## - SUMMARY, ETC. | |
| Summary, etc. | Offers advice and guidance to farmers, engineers, landscape architects, local authorities and other interested parties on the design, construction and operation of constructed farm wetlands used to treat surface water runoff from farms. |
| 521 ## - TARGET AUDIENCE NOTE | |
| Target audience note | Introductory |
| 590 ## - LOCAL NOTE (RLIN) | |
| Local note | KA |
| 651 #4 - SUBJECT ADDED ENTRY--GEOGRAPHIC NAME | |
| Geographic name | Scotland |
| Chronological subdivision | 1999- |
| 690 ## - LOCAL SUBJECT ADDED ENTRY--TOPICAL TERM (OCLC, RLIN) | |
| Topical term or geographic name as entry element | ENVIRONMENTAL AND LAND CONSULTANCY-WATER RESOURCE MANAGEMENT |
| 700 1# - ADDED ENTRY--PERSONAL NAME | |
| Personal name | Sholz, Miklas |
| Titles and other words associated with a name | Dr |
| 700 1# - ADDED ENTRY--PERSONAL NAME | |
| Personal name | Heal, Kate |
| Titles and other words associated with a name | Dr |
| 700 1# - ADDED ENTRY--PERSONAL NAME | |
| Personal name | Keohane, Jerome |
| 700 1# - ADDED ENTRY--PERSONAL NAME | |
| Personal name | Dunne, Edmond |
| Titles and other words associated with a name | Dr |
| 700 1# - ADDED ENTRY--PERSONAL NAME | |
| Personal name | Gouriveau, Fabrice |
| 700 1# - ADDED ENTRY--PERSONAL NAME | |
| Personal name | Mustafa, Atif |
| 856 40 - ELECTRONIC LOCATION AND ACCESS | |
| Uniform Resource Identifier | <a href="https://www.sepa.org.uk/land/land_publications.aspx">https://www.sepa.org.uk/land/land_publications.aspx</a> |
| Public note | Search for the design manual at www.sepa.org.uk |
| 942 ## - ADDED ENTRY ELEMENTS (KOHA) | |
| Suppress in OPAC | 0 |
| Withdrawn status | Lost status | Source of classification or shelving scheme | Damaged status | Not for loan | Home library | Current library | Shelving location | Date acquired | Total Checkouts | Full call number | Barcode | Date last seen | Copy number | Price effective from | Koha item type |
|---|---|---|---|---|---|---|---|---|---|---|---|---|---|---|---|
| Dewey Decimal Classification | Virtual | Virtual | Online | 14/05/2009 | ONLINE PUBLICATION | 147476-2001 | 06/08/2019 | 1 | 06/08/2019 | Book |